[Event "ENCI Limburg-open B"]
[Site "Maastricht"]
[Date "2009.06.01"]
[Round "7"]
[White "Hendrickx, Arthur"]
[Black "Loose, Rob"]
[Result "0-1"]
[WhiteElo "1797"]
[BlackElo "1857"]
[PlyCount "79"]
[EventDate "2009.05.29"]
[EventType "swiss"]
[EventRounds "7"]
[EventCountry "NED"]
[Source "P.Boonen"]
[SourceDate "2010.01.01"]

1. e4 e5 2. Nf3 Nc6 3. Bb5 Nf6 4. O-O Bc5 5. c3 O-O 6. d4 Bb6 7. Bg5 d6 8. Bxc6
bxc6 9. dxe5 dxe5 10. Qxd8 Rxd8 11. Nxe5 Ba6 12. Rc1 Bxf2+ 13. Kh1 Re8 14. Bxf6
gxf6 15. Ng4 Bh4 16. g3 Bg5 17. Re1 f5 18. Nf2 fxe4 19. Rxe4 Bc1 20. Rb4 Re1+
21. Kg2 Bf1+ 22. Kf3 a5 23. Rg4+ Kf8 24. Na3 Be2+ 25. Kg2 Bxg4 26. Nxg4 Rae8
27. Nc4 Bxb2 28. Rxe1 Rxe1 29. Kf2 Rb1 30. Nge5 Bxc3 31. Nxc6 Ra1 32. a3 Ra2+
33. Kg1 Ke8 34. h4 Kd7 35. Nb8+ Ke6 36. Na6 Kd5 37. Ne3+ Ke4 38. Ng2 Bd4+ 39.
Kf1 Rf2+ 40. Kg1 0-1

[Event "ENCI Limburg-open B"]
[Site "Maastricht"]
[Date "2009.06.01"]
[Round "7"]
[White "Hendriks, Nicklas"]
[Black "Corvers, John"]
[Result "1-0"]
[WhiteElo "1650"]
[BlackElo "1854"]
[PlyCount "65"]
[EventDate "2009.05.29"]
[EventType "swiss"]
[EventRounds "7"]
[EventCountry "NED"]
[Source "P.Boonen"]
[SourceDate "2010.01.01"]

1. e4 c5 2. c3 e6 3. d4 d5 4. exd5 exd5 5. Nf3 Nc6 6. Bd3 Nf6 7. O-O cxd4 8.
Nxd4 Nxd4 9. cxd4 Be7 10. Nc3 O-O 11. Bg5 h6 12. Bh4 Be6 13. f4 a6 14. f5 Bd7
15. Bc2 Bc6 16. Bb3 Qd7 17. Qf3 Rad8 18. Rae1 Kh7 19. Re5 Ng8 20. Bxe7 Nxe7 21.
Bc2 f6 22. Re6 Nc8 23. Qh5 Qf7 24. Qg4 Kh8 25. Na4 Bd7 26. Nc5 Bxe6 27. fxe6
Qg8 28. Nxb7 Rde8 29. Re1 f5 30. Bxf5 Ne7 31. Bd3 g5 32. Nd6 Rf4 33. Qh5 1-0

[Event "ENCI Limburg-open B"]
[Site "Maastricht"]
[Date "2009.06.01"]
[Round "7"]
[White "Henrichs, Wenke"]
[Black "De Wit, Albert"]
[Result "0-1"]
[WhiteElo "2033"]
[BlackElo "1792"]
[PlyCount "160"]
[EventDate "2009.05.29"]
[EventType "swiss"]
[EventRounds "7"]
[EventCountry "NED"]
[Source "P.Boonen"]
[SourceDate "2010.01.01"]

1. d4 g6 2. c4 Bg7 3. e4 d6 4. Ne2 Nd7 5. Nbc3 e5 6. Be3 Ne7 7. f3 O-O 8. d5 f5
9. b4 a5 10. a3 axb4 11. axb4 Rxa1 12. Qxa1 Nf6 13. Nc1 fxe4 14. fxe4 Ng4 15.
Bg1 Bh6 16. Nd1 Bd7 17. Nd3 Nc8 18. Be2 Qg5 19. Qc3 Nb6 20. h4 Qf6 21. Bf3 Bf4
22. Nxf4 Qxf4 23. Ke2 Ra8 24. Kd3 Ra2 25. Nb2 Ra1 26. Qd2 Qxd2+ 27. Kxd2 Nf2
28. Bxf2 Rxh1 29. c5 Nc8 30. Nd1 h5 31. g3 Rh2 32. Ke1 Bg4 33. Bxg4 hxg4 34.
Ne3 Rh1+ 35. Nf1 dxc5 36. bxc5 b6 37. Be3 bxc5 38. Bxc5 g5 39. hxg5 Nd6 40.
Bxd6 cxd6 41. Kf2 Rh5 42. Ne3 Rxg5 43. Ke2 Kf7 44. Kd3 Ke7 45. Kc4 Kd7 46. Kb5
Kc7 47. Kb4 Rh5 48. Nxg4 Rh3 49. Kc4 Rxg3 50. Nf6 Re3 51. Kb5 Rf3 52. Ne8+ Kd7
53. Ng7 Rf4 54. Nh5 Rh4 55. Ng3 Rh3 56. Nf5 Rh8 57. Kc4 Rc8+ 58. Kb5 Rb8+ 59.
Kc4 Ra8 60. Kb5 Ra1 61. Kc4 Ra4+ 62. Kd3 Ra1 63. Kc4 Rf1 64. Ng7 Rf6 65. Nh5
Rh6 66. Ng7 Rh7 67. Nf5 Kc7 68. Kb5 Rf7 69. Kc4 Rxf5 70. exf5 Kd7 71. f6 Ke8
72. Kb5 Kf7 73. Kc6 e4 74. Kxd6 e3 75. Kc7 e2 76. d6 e1=Q 77. d7 Qc3+ 78. Kb8
Qxf6 79. Kc7 Qc3+ 80. Kd8 Ke6 0-1

[Event "ENCI Limburg-open B"]
[Site "Maastricht"]
[Date "2009.06.01"]
[Round "7"]
[White "Ibrahim, Ashraf"]
[Black "Titgemeyer, Sven"]
[Result "1-0"]
[WhiteElo "1805"]
[BlackElo "1889"]
[PlyCount "83"]
[EventDate "2009.05.29"]
[EventType "swiss"]
[EventRounds "7"]
[EventCountry "NED"]
[Source "P.Boonen"]
[SourceDate "2010.01.01"]

1. d4 d5 2. c4 e6 3. Nc3 c5 4. cxd5 exd5 5. Nf3 Nc6 6. Bf4 Nf6 7. e3 Bg4 8. Be2
Be7 9. h3 Be6 10. O-O O-O 11. Rc1 c4 12. b3 Ba3 13. Rb1 Bf5 14. bxc4 Bxb1 15.
Qxb1 dxc4 16. Bxc4 Rc8 17. Ne4 Be7 18. Neg5 Na5 19. Nxf7 Rxf7 20. Be6 Rc6 21.
Bxf7+ Kxf7 22. Ne5+ Kf8 23. Nxc6 bxc6 24. Qb8 Qxb8 25. Bxb8 a6 26. Bc7 Nb7 27.
Rb1 Nd6 28. Bxd6 Bxd6 29. Rb6 a5 30. Rxc6 Ke7 31. Rc2 Nd5 32. e4 Nb4 33. Re2
Nd3 34. g3 Nb4 35. Kg2 Nc6 36. d5 Nd4 37. Rd2 Bc5 38. f4 Kf6 39. g4 g5 40. e5+
Kf7 41. fxg5 Nb5 42. d6 1-0

[Event "ENCI Limburg-open B"]
[Site "Maastricht"]
[Date "2009.06.01"]
[Round "7"]
[White "Ingelaere, Frederic"]
[Black "Debusschere, Helmuth"]
[Result "1-0"]
[WhiteElo "1700"]
[BlackElo "1824"]
[PlyCount "49"]
[EventDate "2009.05.29"]
[EventType "swiss"]
[EventRounds "7"]
[EventCountry "NED"]
[Source "P.Boonen"]
[SourceDate "2010.01.01"]

1. e4 d6 2. d4 Nf6 3. Nc3 g6 4. f4 Bg7 5. Nf3 c5 6. dxc5 Qa5 7. Bb5+ Nc6 8. O-O
dxc5 9. Ne5 O-O 10. Nxc6 bxc6 11. Bxc6 Rb8 12. e5 Rd8 13. Qe1 Ne8 14. Bd2 Bf8
15. b3 c4 16. Bf3 e6 17. Ne4 Bb4 18. Bxb4 Qxb4 19. Qh4 Ba6 20. Rfd1 Rxd1+ 21.
Rxd1 cxb3 22. cxb3 h5 23. h3 Ng7 24. Rd8+ Kh7 25. Nf6+ 1-0

[Event "ENCI Limburg-open B"]
[Site "Maastricht"]
[Date "2009.06.01"]
[Round "7"]
[White "Kloppenburg, Geert"]
[Black "Moog, Gerhard"]
[Result "0-1"]
[WhiteElo "1915"]
[BlackElo "1794"]
[PlyCount "84"]
[EventDate "2009.05.29"]
[EventType "swiss"]
[EventRounds "7"]
[EventCountry "NED"]
[Source "P.Boonen"]
[SourceDate "2010.01.01"]

1. d4 Nf6 2. Nf3 g6 3. Bg5 Bg7 4. Bxf6 Bxf6 5. c3 d5 6. Nbd2 O-O 7. h4 Nc6 8.
h5 e5 9. e3 e4 10. Nh2 Bg7 11. c4 Re8 12. hxg6 hxg6 13. cxd5 Qxd5 14. Bc4 Qg5
15. Qb3 Re7 16. Bf1 Nxd4 17. exd4 e3 18. Ndf3 Qh6 19. Bc4 c6 20. a4 Bg4 21.
O-O-O e2+ 22. Rd2 Bxf3 23. Qxf3 e1=Q+ 24. Rxe1 Rxe1+ 25. Kc2 Rf8 26. Ng4 Qg5
27. Ne3 b5 28. axb5 cxb5 29. Bd5 a5 30. Kd3 Qf6 31. Qg4 Rd8 32. Rc2 Rxe3+ 33.
fxe3 Rxd5 34. Rc8+ Rd8 35. Rc5 Bf8 36. Rc1 Bh6 37. Rh1 Kg7 38. Qh3 Qg5 39. Rd1
Re8 40. e4 b4 41. e5 Rd8 42. Ke4 Qf4+ 0-1

[Event "ENCI Limburg-open B"]
[Site "Maastricht"]
[Date "2009.06.01"]
[Round "7"]
[White "Kocur, Marc"]
[Black "Cromsigt, Jeroen"]
[Result "0-1"]
[WhiteElo "1887"]
[BlackElo "1836"]
[PlyCount "42"]
[EventDate "2009.05.29"]
[EventType "swiss"]
[EventRounds "7"]
[EventCountry "NED"]
[Source "P.Boonen"]
[SourceDate "2010.01.01"]

1. e4 e5 2. d4 exd4 3. Nf3 Nc6 4. Bc4 Nf6 5. e5 d5 6. exf6 dxc4 7. fxg7 Bxg7 8.
O-O Be6 9. Ng5 Qd5 10. Re1 O-O-O 11. Nxe6 fxe6 12. Qg4 Rde8 13. Bf4 Rhg8 14.
Qh3 Nb4 15. Na3 d3 16. c3 d2 17. Bxd2 Nd3 18. Re2 Kb8 19. b3 cxb3 20. axb3 Bxc3
21. Rd1 Nf4 0-1

[Event "ENCI Limburg-open B"]
[Site "Maastricht"]
[Date "2009.06.01"]
[Round "7"]
[White "Kuciapa, Andre"]
[Black "Vandersmissen, Hans"]
[Result "0-1"]
[WhiteElo "1819"]
[BlackElo "1792"]
[PlyCount "164"]
[EventDate "2009.05.29"]
[EventType "swiss"]
[EventRounds "7"]
[EventCountry "NED"]
[Source "P.Boonen"]
[SourceDate "2010.01.01"]

1. e4 c6 2. d4 d5 3. exd5 cxd5 4. Nf3 Bg4 5. Be2 e6 6. h3 Bh5 7. c3 Bd6 8. Be3
Nd7 9. Nbd2 Bg6 10. c4 Ngf6 11. c5 Bc7 12. b4 O-O 13. O-O Ne4 14. Nxe4 Bxe4 15.
Bd3 Bxd3 16. Qxd3 a6 17. a4 Rc8 18. b5 axb5 19. axb5 h6 20. b6 Bb8 21. Rfd1 Rc6
22. Ra8 Bh2+ 23. Nxh2 Qxa8 24. Ng4 Qa4 25. Nxh6+ gxh6 26. Bxh6 Kh8 27. Qf3 Qc2
28. Rd3 Rg8 29. Bf4 Rg7 30. Bh6 Rh7 31. Ra3 Rxh6 32. Ra8+ Kg7 33. Ra7 Rxb6 34.
cxb6 Qb1+ 35. Kh2 Qxb6 36. Ra4 Qc6 37. Qa3 Rg6 38. Ra8 b5 39. Qa5 Qb6 40. Qb4
Qc7+ 41. Kg1 Qc1+ 42. Kh2 Qf4+ 43. Kg1 Qf3 44. g3 Rf6 45. Qd2 Nb6 46. Rb8 Nc4
47. Qg5+ Rg6 48. Qd8 Rxg3+ 49. fxg3 Qxg3+ 50. Kf1 Qxh3+ 51. Kg1 Qg4+ 52. Kh2
Qf4+ 53. Kh1 Qh6+ 54. Kg1 Kg6 55. Qg8+ Qg7 56. Qxg7+ Kxg7 57. Rxb5 Kg6 58. Kf2
Kf5 59. Kf3 f6 60. Rc5 Nd2+ 61. Ke3 Ne4 62. Ra5 Nd6 63. Kf3 Kg5 64. Ra1 e5 65.
dxe5 fxe5 66. Rg1+ Kf5 67. Rh1 e4+ 68. Ke3 Ke5 69. Rh2 d4+ 70. Ke2 d3+ 71. Kd1
e3 72. Rh3 Kd4 73. Ke1 Nb5 74. Rh4+ Kc3 75. Re4 Kc2 76. Rxe3 d2+ 77. Kf2 d1=Q
78. Re2+ Kb3 79. Re5 Nc3 80. Re3 Kc4 81. Kg3 Qg1+ 82. Kf3 Kd4 0-1

[Event "ENCI Limburg-open B"]
[Site "Maastricht"]
[Date "2009.06.01"]
[Round "7"]
[White "Kuck, Ulrich"]
[Black "Sofic, Narcis"]
[Result "0-1"]
[WhiteElo "1937"]
[BlackElo "1866"]
[PlyCount "82"]
[EventDate "2009.05.29"]
[EventType "swiss"]
[EventRounds "7"]
[EventCountry "NED"]
[Source "P.Boonen"]
[SourceDate "2010.01.01"]

1. e4 d5 2. exd5 Qxd5 3. Nc3 Qd6 4. d4 Nf6 5. Nf3 a6 6. g3 Nc6 7. Bf4 Qb4 8. a3
Qa5 9. d5 Nb8 10. b4 Qb6 11. Na4 Qa7 12. Be3 b6 13. Bg2 Bb7 14. Ne5 e6 15. Nc6
Nxc6 16. dxc6 Rd8 17. Qe2 Bc8 18. c4 Be7 19. O-O O-O 20. Nc3 Ne8 21. f4 Qb8 22.
b5 Bf6 23. Rac1 Nd6 24. Ne4 Nxe4 25. Bxe4 axb5 26. cxb5 Qa7 27. Qa2 Qa4 28. Qc4
Qxa3 29. Bf2 g6 30. g4 Qh3 31. g5 Qg4+ 32. Bg2 Bg7 33. h3 Qf5 34. Rcd1 e5 35.
Rxd8 Rxd8 36. Bg3 Be6 37. Qa4 exf4 38. Bxf4 Qc5+ 39. Kh1 Be5 40. Bc1 Bd5 41.
Re1 Qf2 0-1

[Event "ENCI Limburg-open B"]
[Site "Maastricht"]
[Date "2009.06.01"]
[Round "7"]
[White "Laarhoven, Marcel"]
[Black "Camps, Jeroen"]
[Result "1-0"]
[WhiteElo "1872"]
[BlackElo "1740"]
[PlyCount "51"]
[EventDate "2009.05.29"]
[EventType "swiss"]
[EventRounds "7"]
[EventCountry "NED"]
[Source "P.Boonen"]
[SourceDate "2010.01.01"]

1. e4 c5 2. Nf3 d6 3. d4 cxd4 4. Nxd4 Nf6 5. Nc3 a6 6. a4 e5 7. Nf3 Be6 8. Ng5
Nbd7 9. Nxe6 fxe6 10. Be3 Be7 11. Be2 Rc8 12. Bg4 Kf7 13. f4 exf4 14. Bxf4 e5
15. Be3 Rf8 16. O-O Kg8 17. Be6+ Kh8 18. Qe1 Nh5 19. Rxf8+ Bxf8 20. Qd2 Qe7 21.
Bd5 Nc5 22. Rf1 Ne6 23. Ba2 Nf6 24. Nd5 Nxd5 25. Qxd5 Re8 26. Qxe6 1-0

[Event "ENCI Limburg-open B"]
[Site "Maastricht"]
[Date "2009.06.01"]
[Round "7"]
[White "Lenaerts, Lennert"]
[Black "Breest, Axel"]
[Result "0-1"]
[WhiteElo "1720"]
[BlackElo "1818"]
[PlyCount "48"]
[EventDate "2009.05.29"]
[EventType "swiss"]
[EventRounds "7"]
[EventCountry "NED"]
[Source "P.Boonen"]
[SourceDate "2010.01.01"]

1. d4 e5 2. dxe5 Nc6 3. Nf3 Qe7 4. Qd5 f6 5. exf6 Nxf6 6. Qd1 d5 7. e3 Bd7 8.
Nc3 O-O-O 9. Be2 g5 10. a3 g4 11. Nd4 Ne5 12. b4 h5 13. b5 Qf7 14. Bb2 Nc4 15.
Bxc4 dxc4 16. a4 Bb4 17. Ke2 Rhf8 18. f3 c5 19. bxc6 Bxc6 20. Qg1 Qg6 21. Qc1
gxf3+ 22. Kd1 Qxg2 23. Re1 f2 24. Qd2 Ne4 0-1

[Event "ENCI Limburg-open B"]
[Site "Maastricht"]
[Date "2009.06.01"]
[Round "7"]
[White "Liekens, Ronny"]
[Black "Overtoom, Reinier"]
[Result "1/2-1/2"]
[WhiteElo "1889"]
[BlackElo "1725"]
[PlyCount "26"]
[EventDate "2009.05.29"]
[EventType "swiss"]
[EventRounds "7"]
[EventCountry "NED"]
[Source "P.Boonen"]
[SourceDate "2010.01.01"]

1. e4 c5 2. Nf3 d6 3. d4 cxd4 4. Nxd4 Nf6 5. Nc3 g6 6. f4 Nc6 7. Nxc6 bxc6 8.
e5 Nd7 9. exd6 exd6 10. Bc4 Be7 11. O-O O-O 12. Bb3 Nf6 13. Kh1 d5 1/2-1/2

[Event "ENCI Limburg-open B"]
[Site "Maastricht"]
[Date "2009.06.01"]
[Round "7"]
[White "Maas, Joop"]
[Black "Holwijn, Melvin"]
[Result "1/2-1/2"]
[WhiteElo "1827"]
[BlackElo "2001"]
[PlyCount "37"]
[EventDate "2009.05.29"]
[EventType "swiss"]
[EventRounds "7"]
[EventCountry "NED"]
[Source "P.Boonen"]
[SourceDate "2010.01.01"]

1. d4 d5 2. Nf3 c6 3. Bg5 h6 4. Bf4 Nf6 5. e3 Qb6 6. Nbd2 Qxb2 7. Bd3 Nbd7 8.
O-O Qb6 9. c4 Nh5 10. Rb1 Qd8 11. Be5 e6 12. cxd5 exd5 13. Re1 Nxe5 14. dxe5
Qe7 15. h3 g6 16. Qc2 Ng7 17. Nd4 Qc5 18. Qb2 Qa3 19. Qc2 1/2-1/2

[Event "ENCI Limburg-open B"]
[Site "Maastricht"]
[Date "2009.06.01"]
[Round "7"]
[White "Obels, Pepijn"]
[Black "Broekmeulen, Joris"]
[Result "1/2-1/2"]
[WhiteElo "1813"]
[BlackElo "1931"]
[PlyCount "49"]
[EventDate "2009.05.29"]
[EventType "swiss"]
[EventRounds "7"]
[EventCountry "NED"]
[Source "P.Boonen"]
[SourceDate "2010.01.01"]

1. e4 c5 2. d4 cxd4 3. c3 dxc3 4. Nxc3 e6 5. Nf3 Nc6 6. Bc4 Qc7 7. O-O Nf6 8.
Qe2 Ng4 9. Rd1 Nce5 10. Nxe5 Nxe5 11. Bb3 a6 12. Bf4 d6 13. Rac1 Nc6 14. Ba4
Bd7 15. Rd2 Be7 16. Nd5 exd5 17. exd5 O-O 18. Qxe7 Nxe7 19. Rxc7 Nxd5 20. Rxd7
Nxf4 21. Rxb7 Rfd8 22. Bb3 Ne6 23. Rb6 Nc5 24. Bc2 d5 25. Bb3 1/2-1/2

[Event "ENCI Limburg-open B"]
[Site "Maastricht"]
[Date "2009.06.01"]
[Round "7"]
[White "Reenaers, Johan"]
[Black "Bieberle, Gerhardt"]
[Result "0-1"]
[WhiteElo "1776"]
[BlackElo "1742"]
[PlyCount "76"]
[EventDate "2009.05.29"]
[EventType "swiss"]
[EventRounds "7"]
[EventCountry "NED"]
[Source "P.Boonen"]
[SourceDate "2010.01.01"]

1. e4 g6 2. f4 d6 3. Nf3 Bg7 4. Bc4 e6 5. c3 Ne7 6. O-O O-O 7. Qe1 c6 8. Bb3 a5
9. a3 Qb6+ 10. d4 Qxb3 11. Qh4 f6 12. Nbd2 Qb6 13. Kh1 Nd7 14. Nc4 Qc7 15. e5
Nf5 16. Qh3 Nb6 17. Nxb6 Qxb6 18. g4 Nh6 19. exf6 Rxf6 20. g5 e5 21. Qg2 Rf7
22. gxh6 Bxh6 23. fxe5 Bxc1 24. Raxc1 Be6 25. c4 Raf8 26. Ng5 Rxf1+ 27. Rxf1
Rxf1+ 28. Qxf1 Bf5 29. Qf2 dxe5 30. c5 Qd8 31. Nf3 e4 32. Ne5 Qg5 33. b4 Qc1+
34. Kg2 Qxa3 35. Kg1 axb4 36. Qe2 Qc1+ 37. Kg2 b3 38. h4 Qc2 0-1

[Event "ENCI Limburg-open B"]
[Site "Maastricht"]
[Date "2009.06.01"]
[Round "7"]
[White "Roufs, Gerard"]
[Black "Wissink, Sander"]
[Result "1/2-1/2"]
[WhiteElo "1948"]
[BlackElo "1945"]
[PlyCount "44"]
[EventDate "2009.05.29"]
[EventType "swiss"]
[EventRounds "7"]
[EventCountry "NED"]
[Source "P.Boonen"]
[SourceDate "2010.01.01"]

1. e4 c5 2. c3 Nf6 3. e5 Nd5 4. d4 cxd4 5. Nf3 e6 6. cxd4 d6 7. Bc4 Nb6 8. Bd3
Nc6 9. O-O Nb4 10. Be2 N4d5 11. a3 Be7 12. Bd3 h6 13. Qe2 Bd7 14. Nc3 Nxc3 15.
bxc3 d5 16. Nd2 Rc8 17. c4 dxc4 18. Nxc4 Nxc4 19. Bxc4 Bc6 20. Be3 Bd5 21. Bb5+
Bc6 22. Bc4 Bd5 1/2-1/2

[Event "ENCI Limburg-open B"]
[Site "Maastricht"]
[Date "2009.06.01"]
[Round "7"]
[White "Schilperoort, Jeroen"]
[Black "Vereggen, Lars"]
[Result "0-1"]
[WhiteElo "1926"]
[BlackElo "1779"]
[PlyCount "94"]
[EventDate "2009.05.29"]
[EventType "swiss"]
[EventRounds "7"]
[EventCountry "NED"]
[Source "P.Boonen"]
[SourceDate "2010.01.01"]

1. Nc3 d5 2. e4 d4 3. Nce2 c5 4. Ng3 e5 5. Nf3 Nc6 6. Bc4 Bd6 7. d3 Na5 8. Bb3
Nxb3 9. axb3 Ne7 10. O-O O-O 11. Nh4 f5 12. exf5 Nxf5 13. Nhxf5 Bxf5 14. Nxf5
Rxf5 15. Qg4 Qf6 16. Bd2 a6 17. f3 Rf8 18. Rae1 Kh8 19. Re4 h6 20. Qh3 Qf7 21.
Rfe1 Rf6 22. Rg4 b5 23. Ra1 c4 24. bxc4 bxc4 25. Bg5 Rg6 26. Qh5 Kg8 27. Bxh6
Rxg4 28. Qxg4 Qf6 29. Bc1 cxd3 30. cxd3 Bc7 31. Qe4 Rb8 32. Qd5+ Kh8 33. Qd7
Qb6 34. Qa4 a5 35. Ra2 Qc5 36. Bd2 Rb5 37. Qc4 Qb6 38. Qc2 Rc5 39. Qd1 Qe6 40.
Ra4 Qg6 41. Rc4 Rxc4 42. dxc4 Qd3 43. Qc1 Bb6 44. c5 Bxc5 45. Bxa5 Qb5 46. Qd2
Qc4 47. Kh1 Qf1# 0-1

[Event "ENCI Limburg-open B"]
[Site "Maastricht"]
[Date "2009.06.01"]
[Round "7"]
[White "Schmitz, Martin"]
[Black "Coenen, Bert"]
[Result "0-1"]
[WhiteElo "1838"]
[BlackElo "1782"]
[PlyCount "80"]
[EventDate "2009.05.29"]
[EventType "swiss"]
[EventRounds "7"]
[EventCountry "NED"]
[Source "P.Boonen"]
[SourceDate "2010.01.01"]

1. e4 c5 2. Nf3 e6 3. d4 cxd4 4. Nxd4 a6 5. c4 d6 6. Be2 Nf6 7. Nc3 b6 8. Be3
Bb7 9. f3 Nbd7 10. O-O Qc7 11. Rc1 Rc8 12. b3 Be7 13. Bd3 Qb8 14. Qe1 O-O 15.
Nde2 Rfe8 16. Qf2 Ba8 17. Na4 Nc5 18. Nxc5 dxc5 19. Ng3 Bd6 20. f4 Ng4 21. Qe2
Nxe3 22. Qxe3 Rcd8 23. e5 Bf8 24. Nh5 Qb7 25. Rf2 h6 26. Qg3 Kh8 27. Bb1 Rd4
28. Qc3 g6 29. Qc2 Red8 30. h4 Qe4 31. Qb2 Rd1+ 32. Kh2 Qe1 33. Rxd1 Rxd1 34.
Bxg6 fxg6 35. Ng3 Be7 36. Re2 Qg1+ 37. Kh3 h5 38. Qc2 Qh1+ 39. Nxh1 Rxh1+ 40.
Kg3 Bxh4# 0-1

[Event "ENCI Limburg-open B"]
[Site "Maastricht"]
[Date "2009.06.01"]
[Round "7"]
[White "Smit, Melvin"]
[Black "Willen, Ronny"]
[Result "1/2-1/2"]
[WhiteElo "1812"]
[BlackElo "1903"]
[PlyCount "39"]
[EventDate "2009.05.29"]
[EventType "swiss"]
[EventRounds "7"]
[EventCountry "NED"]
[Source "P.Boonen"]
[SourceDate "2010.01.01"]

1. d4 Nf6 2. Nf3 g6 3. e3 Bg7 4. Bd3 d6 5. O-O O-O 6. b3 Nbd7 7. Bb2 Re8 8. c4
c6 9. Nc3 Qc7 10. Rc1 e5 11. Qc2 exd4 12. exd4 b6 13. Ba3 a6 14. Rfe1 Bb7 15.
b4 Rac8 16. c5 bxc5 17. dxc5 d5 18. Bb2 Qf4 19. a3 Rxe1+ 20. Rxe1 1/2-1/2

[Event "ENCI Limburg-open B"]
[Site "Maastricht"]
[Date "2009.06.01"]
[Round "7"]
[White "Snoeck, Rene"]
[Black "Pijlman, Rene"]
[Result "1-0"]
[WhiteElo "1916"]
[BlackElo "1886"]
[PlyCount "59"]
[EventDate "2009.05.29"]
[EventType "swiss"]
[EventRounds "7"]
[EventCountry "NED"]
[Source "P.Boonen"]
[SourceDate "2010.01.01"]

1. a3 g6 2. d4 Nf6 3. g3 Bg7 4. Bg2 d6 5. Nf3 Nbd7 6. O-O O-O 7. c3 Re8 8. Qb3
c6 9. a4 h6 10. Na3 Qc7 11. Nc4 e5 12. dxe5 Nxe5 13. Ncxe5 dxe5 14. a5 Be6 15.
Qa4 Nd5 16. Rd1 Rad8 17. c4 Ne7 18. Be3 b6 19. Ne1 b5 20. cxb5 cxb5 21. Qxb5
Rb8 22. Qa6 Rxb2 23. Rac1 Qb8 24. Bxa7 Qb3 25. Bb6 Nd5 26. Nd3 Rxe2 27. Rb1 Qa2
28. Bxd5 Qxd5 29. Nf4 Qf3 30. Qxe2 1-0

[Event "ENCI Limburg-open B"]
[Site "Maastricht"]
[Date "2009.06.01"]
[Round "7"]
[White "Staudte, Rainer"]
[Black "Heuts, John"]
[Result "1/2-1/2"]
[WhiteElo "1855"]
[BlackElo "1747"]
[PlyCount "27"]
[EventDate "2009.05.29"]
[EventType "swiss"]
[EventRounds "7"]
[EventCountry "NED"]
[Source "P.Boonen"]
[SourceDate "2010.01.01"]

1. d4 d5 2. c4 e6 3. Nc3 Nf6 4. Bg5 Be7 5. e3 c6 6. Nf3 O-O 7. Rc1 Nbd7 8. Bd3
dxc4 9. Bxc4 Nd5 10. Bxe7 Qxe7 11. O-O Nxc3 12. Rxc3 b5 13. Bb3 Bb7 14. a3
1/2-1/2

[Event "ENCI Limburg-open B"]
[Site "Maastricht"]
[Date "2009.06.01"]
[Round "7"]
[White "Suilen, Willem"]
[Black "Schubert, Karl"]
[Result "0-1"]
[WhiteElo "1754"]
[BlackElo "1850"]
[PlyCount "60"]
[EventDate "2009.05.29"]
[EventType "swiss"]
[EventRounds "7"]
[EventCountry "NED"]
[Source "P.Boonen"]
[SourceDate "2010.01.01"]

1. e4 d6 2. d4 Nf6 3. Nc3 g6 4. f3 c6 5. Be3 Bg7 6. Qd2 h6 7. O-O-O b5 8. Kb1
a6 9. Bd3 Nbd7 10. h4 Bb7 11. g4 Qc7 12. Nge2 O-O-O 13. Nc1 Kb8 14. Qf2 c5 15.
d5 e6 16. dxe6 fxe6 17. a3 Ne5 18. N1a2 Rdf8 19. Qg3 Nfd7 20. Be2 Rd8 21. Rhf1
Nb6 22. Qg1 Nec4 23. Bf2 Nxb2 24. Kxb2 Na4+ 25. Kc1 Bxc3 26. Rd3 Bb2+ 27. Kb1
Qg7 28. Be3 Bxa3 29. Bd4 cxd4 30. Rxa3 d3 0-1

[Event "ENCI Limburg-open B"]
[Site "Maastricht"]
[Date "2009.06.01"]
[Round "7"]
[White "Taverniers, Peter"]
[Black "Geboers, Jimmy"]
[Result "0-1"]
[WhiteElo "1792"]
[BlackElo "1950"]
[PlyCount "128"]
[EventDate "2009.05.29"]
[EventType "swiss"]
[EventRounds "7"]
[EventCountry "NED"]
[Source "P.Boonen"]
[SourceDate "2010.01.01"]

1. c4 c5 2. Nc3 Nc6 3. g3 g6 4. Bg2 Bg7 5. Nf3 e5 6. d3 d6 7. O-O Be6 8. Ng5
Qd7 9. Nxe6 Qxe6 10. Nd5 Qd7 11. e4 Nge7 12. Rb1 O-O 13. a3 Nxd5 14. exd5 Nd4
15. b4 b6 16. Bb2 f5 17. Bxd4 cxd4 18. f4 Rae8 19. Qc2 exf4 20. Rxf4 Qe7 21.
Qf2 Bh6 22. Qxd4 Bxf4 23. Qxf4 Qe3+ 24. Qxe3 Rxe3 25. Rd1 Rc8 26. Kf2 Re7 27.
Rc1 Kf7 28. d4 Rec7 29. Bf1 a5 30. Kf3 axb4 31. axb4 Ra8 32. Rc3 Ra4 33. Rb3
Kf6 34. c5 bxc5 35. dxc5 dxc5 36. d6 Rb7 37. d7 Ra8 38. Rd3 Rd8 39. Rd6+ Ke7
40. bxc5 Rbxd7 41. Rb6 Rc8 42. Bb5 Rdc7 43. Ba6 Re8 44. c6 Kd6 45. Bb7 Rf8 46.
Rb3 g5 47. Rd3+ Ke7 48. Rd5 h6 49. h4 Rf6 50. h5 f4 51. g4 Rcxc6 52. Bxc6 Rxc6
53. Rd3 Re6 54. Rb3 Kf6 55. Ra3 Re3+ 56. Rxe3 fxe3 57. Ke2 Ke6 58. Kf3 Kd5 59.
Kxe3 Ke5 60. Kf3 Kd4 61. Kf2 Ke4 62. Kg3 Ke3 63. Kg2 Kf4 64. Kh3 Kf3 0-1

[Event "ENCI Limburg-open B"]
[Site "Maastricht"]
[Date "2009.06.01"]
[Round "7"]
[White "Uckerman, John"]
[Black "Whitmire, James David"]
[Result "0-1"]
[WhiteElo "1687"]
[BlackElo "1831"]
[PlyCount "72"]
[EventDate "2009.05.29"]
[EventType "swiss"]
[EventRounds "7"]
[EventCountry "NED"]
[Source "P.Boonen"]
[SourceDate "2010.01.01"]

1. e4 g6 2. d4 Bg7 3. Nc3 c5 4. Nf3 Nc6 5. Be3 Qb6 6. Nb5 cxd4 7. Nfxd4 Nxd4 8.
Bxd4 Bxd4 9. Qxd4 Qxd4 10. Nxd4 Nf6 11. Bd3 d5 12. e5 Ne4 13. Nb5 Kd8 14. Bxe4
dxe4 15. O-O-O+ Bd7 16. Rd4 a6 17. Nc3 Ke8 18. Nxe4 Bc6 19. Rhd1 Kf8 20. f3 Kg7
21. R1d2 h5 22. Ng5 h4 23. Kd1 h3 24. g3 e6 25. Rf4 Rh5 26. Rxf7+ Kg8 27. f4
Rxg5 28. Re7 Rf5 29. Rxe6 Kf7 30. Red6 g5 31. R2d4 Rg8 32. Rh6 gxf4 33. e6+ Ke7
34. Rxh3 f3 35. g4 f2 36. Rh7+ Ke8 0-1

[Event "ENCI Limburg-open B"]
[Site "Maastricht"]
[Date "2009.06.01"]
[Round "7"]
[White "Van Liempt, Michael"]
[Black "Smits, Benjamin"]
[Result "0-1"]
[WhiteElo "1882"]
[BlackElo "1950"]
[PlyCount "38"]
[EventDate "2009.05.29"]
[EventType "swiss"]
[EventRounds "7"]
[EventCountry "NED"]
[Source "P.Boonen"]
[SourceDate "2010.01.01"]

1. Nf3 c5 2. c4 Nc6 3. Nc3 Nf6 4. b3 e6 5. e3 Be7 6. Bb2 b6 7. d4 cxd4 8. exd4
d5 9. cxd5 Nxd5 10. Bb5 Bb7 11. Ne5 Rc8 12. Qf3 O-O 13. O-O Nxe5 14. dxe5 Nxc3
15. Qxb7 Nxb5 16. Rad1 Qc7 17. Qa6 Nc3 18. Rc1 Qxe5 19. Rfe1 Qb5 0-1

[Event "ENCI Limburg-open B"]
[Site "Maastricht"]
[Date "2009.06.01"]
[Round "7"]
[White "Van Steenkiste, Luc"]
[Black "Smeets, Wouter"]
[Result "0-1"]
[WhiteElo "1827"]
[BlackElo "1877"]
[PlyCount "72"]
[EventDate "2009.05.29"]
[EventType "swiss"]
[EventRounds "7"]
[EventCountry "NED"]
[Source "P.Boonen"]
[SourceDate "2010.01.01"]

1. d4 Nf6 2. Nc3 d5 3. e4 dxe4 4. f3 exf3 5. Nxf3 Bg4 6. h3 Bxf3 7. Qxf3 c6 8.
Qf2 e6 9. Bd3 Bd6 10. O-O Qc7 11. Bg5 Nbd7 12. Ne4 Be7 13. c4 h6 14. Be3 O-O-O
15. Nc3 Nc5 16. Bb1 Na6 17. d5 b6 18. dxc6 Qxc6 19. Nb5 Kb7 20. Nd4 Qxc4 21.
Rd1 Nb4 22. a3 e5 23. Rc1 Qd5 24. Nf5 Nc6 25. Rxc6 Qxc6 26. Nxe7 Rd1+ 27. Kh2
Qd6 28. Nf5 Qc7 29. Qf3+ e4+ 30. Qf4 Qxf4+ 31. Bxf4 Rhd8 32. Ne3 R1d7 33. Nc4
Rd4 34. Ne5 Rf8 35. Ba2 Nd5 36. Nc4 Nxf4 0-1